| 000 | 00699nam a2200205 a 4500 | ||
|---|---|---|---|
| 005 | 20230324063517.0 | ||
| 008 | 991125 mx 000 0 fre u | ||
| 035 | _aUPN01000041716 | ||
| 049 | _aCG | ||
| 050 | 4 | _aPC2111 M3.6 | |
| 100 | 1 | _aMarchand, René | |
| 245 | 1 | 0 |
_aNouveaux textes pour l'etude du francais : _bcours superieur / _cpor René Marchand y Juvencio López Vázquez ; pról. de Jules Romains ; carta de Alfonso Reyes |
| 260 |
_aMéxico : _bUNAM |
||
| 300 | _av | ||
| 440 | 0 |
_aTextos de la Facultad de Filosofía y Letras; _v1 |
|
| 650 | 4 |
_aFrancés _xEstudio y enseñanza _913059 |
|
| 700 | 1 |
_aLópez Vázquez, Juvencio, _ecoaut. _932810 |
|
| 904 |
_aAC _b041718 |
||
| 905 | _aLibro | ||
| 999 |
_c41716 _d41716 |
||